000 00968nam a22002537a 4500
001 12715
003 HDC
007 cr bn ---aaaaa
008 210210t19940101 ||||| |||| 00| 0 eng
040 _aHDC
100 _aMarois, James J.
_eauthor
_913554
245 0 _aIntegrated Management of Paddy and Aquatic Weeds in Asia. Integration of Biological Control Inti IPM System for Aquatic Weeds / by
_cJames J. Marois
260 _aTaipei, Taiwan :
_b Food and Fertilizer Technology Center for the Asian and Pacific Region,
_c1994
300 _a7 pages
336 _atext
_2rdacontent
337 _acomputer
_2rdamedia
338 _aonline resource
_2rdacarrier
650 _abiological control
_93830
650 _aEcology
_913555
856 _zRequest full-text at [email protected]
942 _2lcc
942 _cCHAP
942 _kEBCH 001852
999 _c10038
_d10038